<?xml version="1.0" encoding="UTF-8"?>
<record
    xmlns:xsi="http://www.w3.org/2001/XMLSchema-instance"
    xsi:schemaLocation="http://www.loc.gov/MARC21/slim http://www.loc.gov/standards/marcxml/schema/MARC21slim.xsd"
    xmlns="http://www.loc.gov/MARC21/slim">

  <leader>00335    a2200109   4500</leader>
  <controlfield tag="001">ART_28124</controlfield>
  <controlfield tag="005">20260410161951.0</controlfield>
  <controlfield tag="008">260409a                                 </controlfield>
  <datafield tag="245" ind1="1" ind2="0">
    <subfield code="a">Capital flows and capital-market crises</subfield>
  </datafield>
  <datafield tag="100" ind1="1" ind2=" ">
    <subfield code="a">Calvo, Guillermo A.</subfield>
  </datafield>
  <datafield tag="773" ind1="0" ind2=" ">
    <subfield code="t">Journal of applied economics</subfield>
    <subfield code="g">- Vol. 1, N&#xBA; 1 (nov. 1998)</subfield>
    <subfield code="w">REV28044</subfield>
  </datafield>
  <datafield tag="999" ind1=" " ind2=" ">
    <subfield code="c">30371</subfield>
    <subfield code="d">30371</subfield>
  </datafield>
</record>
